Diseño de las instalaciones de la planta de gasificación de residuos sólidos en la Unión, Cartago
Salvato in:
| Autore principale: | |
|---|---|
| Altri autori: | |
| Natura: | Sconosciuto |
| Lingua: | Spanish |
| Pubblicazione: |
[San José,Costa Rica]
2017
|
| Soggetti: | |
| Tags: |
Aggiungi Tag
Nessun Tag, puoi essere il primo ad aggiungerne!!
|
MARC
| LEADER | 00000 a2200000 4500 | ||
|---|---|---|---|
| 003 | EA0185 | ||
| 005 | 20230228084637.0 | ||
| 008 | 140114s2017 cr a 000 ||spa d | ||
| 040 | |c cru CEDI | ||
| 090 | |a TFG EA-185 | ||
| 100 | |a Espinoza Castro, Andrés |9 20364 | ||
| 245 | |a Diseño de las instalaciones de la planta de gasificación de residuos sólidos en la Unión, Cartago | ||
| 260 | |a [San José,Costa Rica] |c 2017 | ||
| 500 | |a Proyecto de graduación (licenciatura en arquitectura)--Universidad de Costa Rica. Facultad de Ingeniería. Escuela de Arquitectura | ||
| 501 | |a Directora de Proyecto de Graduación: Arq. Dania Chavaría Núñez, Mag. | ||
| 650 | |x PLANTAS PARA TRATAMIENTO DE RESIDUOS - DISEÑO - LA UNION (CARTAGO, COSTA RICA) |x DISEÑO ARQUITECTONICO - LA UNION (CARTAGO, COSTA RICA) |x MANEJO INTEGRAL DE RESIDUOS SOLIDOS - LA UNION (CARTAGO, COSTA RICA) |x RESIDUOS SOLIDOS |x GASIFICACION |9 20365 | ||
| 700 | |9 118 |a Chavarría Núñez, Dania, 1975- |d Directora del TFG | ||
| 942 | |c CEDI | ||
| 999 | |c 12985 |d 12985 | ||
